[Event "CZE-chT1W 1011"]
[Site "Czech Republic"]
[Date "2010.10.31"]
[Round "2.7"]
[White "Kohout, Vratislav"]
[Black "Kriz, Lubos"]
[Result "1/2-1/2"]
[WhiteElo "2209"]
[BlackElo "2207"]
[PlyCount "45"]
[EventDate "2010.10.10"]
[EventType "team-tourn"]
[EventRounds "11"]
[EventCountry "CZE"]
[SourceTitle "EXT 2012"]
[Source "ChessBase"]
[SourceDate "2011.11.24"]
[SourceVersion "1"]
[SourceVersionDate "2011.11.24"]
[SourceQuality "1"]
[WhiteTeam "Praha Vrsovice"]
[BlackTeam "Praha Holdia II"]
[WhiteTeamCountry "CZE"]
[BlackTeamCountry "CZE"]

1. d4 d5 2. Nf3 Nf6 3. Bf4 e6 4. Nbd2 Nbd7 5. e3 Be7 6. h3 b6 7. Bd3 Bb7 8. Ne5 Rc8 9. Qf3 c5 10. c3 a6 11. a4 Nf8 12. g4 h6 13. h4 N8d7 14. g5 hxg5 15. hxg5 Rxh1+ 16. Qxh1 Nxe5 17. Bxe5 Nd7 18. Bxg7 Bxg5 19. Ke2 cxd4 20. exd4 Bf6 21. Rg1 Bxg7 22. Rxg7 Qf6 23. Rg8+ 1/2-1/2

[Event "CZE-chT1W 1011"]
[Site "Czech Republic"]
[Date "2010.10.10"]
[Round "1.7"]
[White "Chura, Jan"]
[Black "Kohout, Vratislav"]
[Result "1-0"]
[WhiteElo "2207"]
[BlackElo "2209"]
[PlyCount "63"]
[EventDate "2010.10.10"]
[EventType "team-tourn"]
[EventRounds "11"]
[EventCountry "CZE"]
[SourceTitle "EXT 2012"]
[Source "ChessBase"]
[SourceDate "2011.11.24"]
[SourceVersion "1"]
[SourceVersionDate "2011.11.24"]
[SourceQuality "1"]
[WhiteTeam "Praha Bohemians"]
[BlackTeam "Praha Vrsovice"]
[WhiteTeamCountry "CZE"]
[BlackTeamCountry "CZE"]

1. e4 e6 2. d4 d5 3. Nc3 Bb4 4. e5 c5 5. a3 Ba5 6. b4 cxd4 7. Nb5 Bc7 8. f4 Ne7 9. Nf3 a6 10. Nxc7+ Qxc7 11. Bb2 Nbc6 12. Bd3 Nf5 13. Qe2 Bd7 14. 0-0 0-0 15. Rf2 Rac8 16. Re1 g6 17. g4 Ng7 18. Nxd4 Qb6 19. Nf3 Rc7 20. Kh1 Rd8 21. Rg1 Ne7 22. Bd4 Qc6 23. Ng5 h6 24. Nf3 Kh7 25. Rg3 Rh8 26. Bc5 Nc8 27. f5 exf5 28. Nd4 Qa4 29. gxf5 gxf5 30. Rxg7+ Kxg7 31. Rg2+ Kh7 32. Nxf5 1-0